000 00701nam a2200229 a 4500
001 000048844
003 DO-SdBNP
005 20230131144522.0
007 ta
008 130718e2017 dr ao gr 001 0dspa d
020 _a9789945088151
040 _aDO-SdBNP
_bspa
_cBNPHU
082 4 _bR696a
_222
100 1 _aRodríguez Pimentel, Héctor
_956380
245 1 3 _aEl agua, eje del desarrollo sostenible. /
_cHéctor Rodríguez Pimentel.
260 _aSanto Domingo :
_bSantuario,
_c2017
300 _a240 p. :
_bil. fotogr. ;
_c24 cm.
500 _aIncluye datos biográficos del autor en las solapas de las cubiertas.
590 _aInventariado, 2020 / DG
910 _aMFeliz
942 _2ddc
_cLBS1
999 _c48332
_d48332